Foundation of Education (Record no. 3891)

MARC details
000 -LEADER
fixed length control field 00372nam a22001457a 4500
008 - FIXED-LENGTH DATA ELEMENTS--GENERAL INFORMATION
fixed length control field 250618b |||||||| |||| 00| 0 eng d
020 ## - INTERNATIONAL STANDARD BOOK NUMBER
ISBN 9789331329585
100 ## - MAIN ENTRY--AUTHOR
Author Singaravelu .G.
245 ## - TITLE STATEMENT
Title Foundation of Education
260 ## - PUBLICATION, DISTRIBUTION, ETC. (IMPRINT)
Place of publication New Delhi
Name of publisher A.P.H Publishing Corporation
Date of publication 2022
300 ## - COLLATION
Pagination 182p
650 ## - TRACINGS
Main Subject Education
942 ## - ADDED ENTRY ELEMENTS (KOHA)
Item type Books
050 ## - LIBRARY OF CONGRESS CALL NUMBER
Classification number LB 875
Item number .S56
Holdings
Source of classification or shelving scheme Not for loan Permanent location Current location Date acquired Accession No. Full call number Barcode. Koha item type
Library of Congress Classification   Samuel Ogbemudia Main Library, University of Abuja Samuel Ogbemudia Main Library, University of Abuja 06/18/2025 2023/615858 LB 875 .S56 2025-2572 Books